=LDR 00000nam 2200000 4500 =001 INLIS000000000005647 =005 20130612093854 =008 ***********************************Ind** =035 ##$$0010-061300000005647 =041 ##$$a Ind =082 ##$$a 294.5 =090 ##$$a 294.5, Sud t =100 ##$$a Sudharta, Cokerde Rai =245 ##$$a Tata keagamaan, manawa dharmasastra manu dharmasastra atau weda smah, Cokerde Rai Sudharta =260 ##$$a 1995 $b Denpasar =300 ##$$a xxiii, 288 hlm., 24 cm =650 ##$$a Hinduisme =700 ##$$a Puja, Gede